Global Microeconomics/ (Record no. 9051)

MARC details
000 -LEADER
fixed length control field 00536nam a22001937a 4500
003 - CONTROL NUMBER IDENTIFIER
control field OSt
005 - DATE AND TIME OF LATEST TRANSACTION
control field 20240703132116.0
008 - FIXED-LENGTH DATA ELEMENTS--GENERAL INFORMATION
fixed length control field 240703b |||||||| |||| 00| 0 eng d
020 ## - INTERNATIONAL STANDARD BOOK NUMBER
International Standard Book Number 0060416742
040 ## - CATALOGING SOURCE
Original cataloging agency MUST LIB
Language of cataloging MUST LIB
Transcribing agency MUST
082 ## - DEWEY DECIMAL CLASSIFICATION NUMBER
Edition number 22
Classification number 399
Item number DER
245 ## - TITLE STATEMENT
Title Global Microeconomics/
Statement of responsibility, etc. Dernburg F. Thomas
260 ## - PUBLICATION, DISTRIBUTION, ETC. (IMPRINT)
Place of publication, distribution, etc. New York
Name of publisher, distributor, etc. Harper and Row
Date of publication, distribution, etc. 1989
300 ## - PHYSICAL DESCRIPTION
Extent Xii. ; 509 p. ;
Other physical details ill.
Dimensions 24 cm
500 ## - GENERAL NOTE
General note Includes, Indexes.
650 ## - SUBJECT ADDED ENTRY--TOPICAL TERM
Topical term or geographic name as entry element microecomics.
9 (RLIN) 18413
856 ## - ELECTRONIC LOCATION AND ACCESS
Materials specified table of contents.
942 ## - ADDED ENTRY ELEMENTS (KOHA)
Source of classification or shelving scheme Dewey Decimal Classification
Koha item type Open Shelf
Holdings
Withdrawn status Lost status Source of classification or shelving scheme Damaged status Not for loan Home library Current library Date acquired Source of acquisition Inventory number Total Checkouts Full call number Barcode Date last seen Price effective from Koha item type
    Dewey Decimal Classification     MUST Main Library MUST Main Library 03/07/2024 Donation 05/25099   399 DER 2024-21728 03/07/2024 03/07/2024 Open Shelf